000 00486nam a2200181Ia 4500
001 8692
005 20260306160628.0
008 260306t2004||||xx |||||||||||||| ||spa||
041 _aESP
082 _a371.3
_bC33
100 _aCastañeda, Adelina
_eAUT
245 0 _aFormación, distancias y subjetividades:
_bnuevos retos de la formación en la globalización
260 _c2004
300 _a374 páginas :
_c17 cm.
650 _aGEN
654 _aCED
942 _cLIB
_dJUS
_fJUS
_2ddc
_n
999 _c8692
_d8692